[Event "Morbihan-ch 0304"]
[Site "Morbihan"]
[Date "2004.01.10"]
[Round "4"]
[White "Gueguen, Mederic"]
[Black "Tripoteau, Philippe"]
[Result "0-1"]
[WhiteElo "1500"]
[BlackElo "1570"]
[PlyCount "84"]
[EventDate "2003.10.??"]
[EventType "swiss"]
[EventRounds "7"]
[EventCountry "FRA"]
[SourceTitle "EXT 2005"]
[Source "ChessBase"]
[SourceDate "2004.11.15"]
[SourceVersion "1"]
[SourceVersionDate "2004.11.15"]
[SourceQuality "1"]

1. d4 Nf6 2. Nf3 d6 3. c4 Bg4 4. e3 c6 5. Bd3 e5 6. dxe5 dxe5 7. e4 Bb4+ 8. Nc3 0-0 9. Bg5 Nbd7 10. Rc1 Nc5 11. Ke2 Nxd3 12. Qxd3 Qxd3+ 13. Kxd3 Bxf3 14. gxf3 Nd7 15. f4 f6 16. Bh4 exf4 17. f3 Ne5+ 18. Ke2 Nxc4 19. Na4 b5 20. b3 Nb6 21. Nb2 Rfe8 22. Nd3 Ba3 23. Rxc6 b4 24. Rc7 Nd5 25. Rd7 Nc3+ 26. Kf1 Red8 27. Rxd8+ Rxd8 28. Nxf4 g5 29. Bxg5 Rd1+ 30. Kg2 fxg5 31. Ne6 Rxh1 32. Kxh1 Bc1 33. Nc5 Kf7 34. e5 Be3 35. Nd3 Nxa2 36. Kg2 a5 37. Kg3 Ke6 38. h4 Nc1 39. Nxc1 Bxc1 40. hxg5 Kxe5 41. Kg4 a4 42. bxa4 b3 0-1

[Event "Morbihan-ch 0304"]
[Site "Morbihan"]
[Date "2003.12.13"]
[Round "3"]
[White "Blanchard, Esteban"]
[Black "Gueguen, Mederic"]
[Result "1-0"]
[WhiteElo "1690"]
[BlackElo "1530"]
[PlyCount "71"]
[EventDate "2003.10.??"]
[EventType "swiss"]
[EventRounds "7"]
[EventCountry "FRA"]
[SourceTitle "EXT 2005"]
[Source "ChessBase"]
[SourceDate "2004.11.15"]
[SourceVersion "1"]
[SourceVersionDate "2004.11.15"]
[SourceQuality "1"]

1. d4 Nf6 2. c4 e6 3. Nc3 Bb4 4. Qc2 d5 5. cxd5 exd5 6. Bg5 c6 7. e3 0-0 8. Bd3 Nbd7 9. Nge2 Re8 10. Bxh7+ Kh8 11. Bd3 Qc7 12. Bf4 Bd6 13. Bg3 Kg8 14. Rc1 b6 15. h4 c5 16. dxc5 Nxc5 17. Nb5 Qd7 18. Nxd6 Re6 19. Bf5 Qe7 20. Bxe6 Bxe6 21. Nf5 Qb7 22. b4 Nce4 23. Ned4 Rc8 24. Qb2 Rxc1+ 25. Qxc1 Qa6 26. Nxe6 fxe6 27. f3 Nxg3 28. Nxg3 Qd3 29. Qd2 Qb1+ 30. Kf2 Qg6 31. h5 Qh6 32. Qc2 Qg5 33. Qc8+ Kf7 34. Rc1 Nxh5 35. Nxh5 Qxh5 36. Rc7+ 1-0

[Event "Morbihan-ch 0304"]
[Site "Morbihan"]
[Date "2003.11.08"]
[Round "2"]
[White "Peyre, Camille"]
[Black "Gueguen, Mederic"]
[Result "1-0"]
[WhiteElo "1470"]
[BlackElo "1530"]
[PlyCount "95"]
[EventDate "2003.10.??"]
[EventType "swiss"]
[EventRounds "7"]
[EventCountry "FRA"]
[SourceTitle "EXT 2005"]
[Source "ChessBase"]
[SourceDate "2004.11.15"]
[SourceVersion "1"]
[SourceVersionDate "2004.11.15"]
[SourceQuality "1"]

1. e4 e6 2. d4 d5 3. exd5 exd5 4. Nf3 Bg4 5. Be2 h6 6. 0-0 Nf6 7. Re1 c6 8. Ba6+ Ne4 9. Bxb7 Nd7 10. Bxa8 Qxa8 11. Nbd2 Ndf6 12. Nb3 Bd6 13. Qd3 0-0 14. Ne5 Bf5 15. Qf3 Be6 16. Bf4 Qc8 17. Qe3 Qc7 18. f3 Ng5 19. Bxg5 hxg5 20. Qxg5 Nh7 21. Qh4 Bf5 22. c3 Re8 23. Kh1 Bxe5 24. dxe5 Rxe5 25. Rxe5 Qxe5 26. Qe1 Qc7 27. Rc1 Be6 28. Nd4 Qd6 29. Nxe6 fxe6 30. Qe3 Qd7 31. Rd1 Nf6 32. g4 Nh7 33. h4 Nf8 34. g5 g6 35. f4 Qh7 36. Qh3 Qf7 37. Qg4 Nd7 38. Kg2 Nc5 39. b3 Ne4 40. c4 Nc3 41. Rd2 Ne4 42. Rd3 Kf8 43. Rh3 e5 44. Rf3 Kg8 45. fxe5 Qc7 46. Qe6+ Kg7 47. h5 Nxg5 48. Qxg6+ 1-0

[Event "Fouesnant op 09th"]
[Site "Fouesnant"]
[Date "2003.10.28"]
[Round "6"]
[White "Le Chequer, Laetitia"]
[Black "Gueguen, Mederic"]
[Result "1-0"]
[WhiteElo "1420"]
[BlackElo "1530"]
[PlyCount "53"]
[EventDate "2003.10.25"]
[EventType "swiss"]
[EventRounds "9"]
[EventCountry "FRA"]
[SourceTitle "EXT 2006"]
[Source "ChessBase"]
[SourceDate "2005.11.24"]
[SourceVersion "1"]
[SourceVersionDate "2005.11.24"]
[SourceQuality "1"]

1. e4 e6 2. d4 d5 3. Nc3 Bb4 4. Bd3 Nd7 5. Nf3 c5 6. exd5 exd5 7. 0-0 Bxc3 8. bxc3 Ne7 9. c4 0-0 10. Re1 cxd4 11. Nxd4 Nc5 12. Bf1 Re8 13. Qf3 Be6 14. Ba3 Ne4 15. Nxe6 fxe6 16. Rad1 Rf8 17. Qg4 Rf6 18. Rxe4 Rg6 19. Qh3 Nf5 20. Re5 Rh6 21. Qg4 Rg6 22. Qf4 Qa5 23. Bc1 Rf8 24. cxd5 exd5 25. Rdxd5 Qxa2 26. Rxf5 Rxf5 27. Rxf5 1-0